<?xml version="1.0" encoding="UTF-8"?>
<record
    xmlns:xsi="http://www.w3.org/2001/XMLSchema-instance"
    xsi:schemaLocation="http://www.loc.gov/MARC21/slim http://www.loc.gov/standards/marcxml/schema/MARC21slim.xsd"
    xmlns="http://www.loc.gov/MARC21/slim">

  <leader>01462nam0a22003251  4500</leader>
  <controlfield tag="001">rc\2211536</controlfield>
  <controlfield tag="005">20260407112511.0</controlfield>
  <datafield tag="035" ind1=" " ind2=" ">
    <subfield code="a">(NLR Aleph) 006696321</subfield>
  </datafield>
  <datafield tag="090" ind1=" " ind2=" ">
    <subfield code="a">5197889</subfield>
    <subfield code="c">5197889</subfield>
  </datafield>
  <datafield tag="100" ind1=" " ind2=" ">
    <subfield code="a">20110829d1978    |||y0rusy50      ca</subfield>
  </datafield>
  <datafield tag="101" ind1="0" ind2=" ">
    <subfield code="a">rus</subfield>
  </datafield>
  <datafield tag="102" ind1=" " ind2=" ">
    <subfield code="a">RU</subfield>
  </datafield>
  <datafield tag="105" ind1=" " ind2=" ">
    <subfield code="a">a   z   |||||</subfield>
  </datafield>
  <datafield tag="200" ind1="1" ind2=" ">
    <subfield code="a">&#x41F;&#x43E;&#x441;&#x43E;&#x43B;&#x44C;&#x43D;&#x43E;-&#x441;&#x432;&#x435;&#x436;&#x44C;&#x435;&#x432;&#x43E;&#x439; &#x442;&#x440;&#x430;&#x443;&#x43B;&#x435;&#x440; "&#x411;&#x430;&#x440;&#x435;&#x43D;&#x446;&#x435;&#x432;&#x43E; &#x43C;&#x43E;&#x440;&#x435;"</subfield>
    <subfield code="e">&#x41C;&#x435;&#x442;&#x43E;&#x434;. &#x43F;&#x43E;&#x441;&#x43E;&#x431;&#x438;&#x435; &#x438; &#x438;&#x43D;&#x441;&#x442;&#x440;&#x443;&#x43A;&#x446;&#x438;&#x438; &#x434;&#x43B;&#x44F; &#x43F;&#x43B;&#x430;&#x432;&#x441;&#x43E;&#x441;&#x442;&#x430;&#x432;&#x430;</subfield>
    <subfield code="f">&#x413;&#x43E;&#x441;. &#x43F;&#x440;&#x43E;&#x435;&#x43A;&#x442;.-&#x43A;&#x43E;&#x43D;&#x441;&#x442;&#x440;&#x443;&#x43A;&#x442;. &#x438;&#x43D;-&#x442; &#x440;&#x44B;&#x431;&#x43E;&#x43F;&#x440;&#x43E;&#x43C;&#x44B;&#x441;&#x43B;. &#x444;&#x43B;&#x43E;&#x442;&#x430; "&#x413;&#x438;&#x43F;&#x440;&#x43E;&#x440;&#x44B;&#x431;&#x444;&#x43B;&#x43E;&#x442;"</subfield>
    <subfield code="g">[&#x420;&#x430;&#x437;&#x440;&#x430;&#x431;. &#x410;.&#x412;. &#x410;&#x43D;&#x446;&#x435;&#x432;&#x438;&#x447;, &#x410;.&#x41F;. &#x411;&#x438;&#x431;&#x438;&#x43A;&#x441;&#x430;&#x440;&#x43E;&#x432;, &#x41F;.&#x41A;. &#x415;&#x433;&#x43E;&#x440;&#x43E;&#x432; &#x438; &#x434;&#x440;.]</subfield>
    <subfield code="g">&#x41F;&#x43E;&#x434; &#x43E;&#x431;&#x449;. &#x440;&#x435;&#x434;. &#x43A;. &#x442;. &#x43D;. &#x420;.&#x412;. &#x41A;&#x443;&#x437;&#x44C;&#x43C;&#x438;&#x43D;&#x430;</subfield>
  </datafield>
  <datafield tag="210" ind1=" " ind2=" ">
    <subfield code="a">&#x41B;&#x435;&#x43D;&#x438;&#x43D;&#x433;&#x440;&#x430;&#x434;</subfield>
    <subfield code="c">&#x421;&#x443;&#x434;&#x43E;&#x441;&#x442;&#x440;&#x43E;&#x435;&#x43D;&#x438;&#x435;</subfield>
    <subfield code="d">1978</subfield>
  </datafield>
  <datafield tag="215" ind1=" " ind2=" ">
    <subfield code="a">320 &#x441;.</subfield>
    <subfield code="c">&#x438;&#x43B;.</subfield>
    <subfield code="d">22</subfield>
  </datafield>
  <datafield tag="320" ind1=" " ind2=" ">
    <subfield code="a">&#x421;&#x43F;&#x438;&#x441;&#x43E;&#x43A; &#x43B;&#x438;&#x442;.: &#x441;. 318 (21 &#x43D;&#x430;&#x437;&#x432;.)</subfield>
  </datafield>
  <datafield tag="606" ind1=" " ind2=" ">
    <subfield code="a">&#x422;&#x440;&#x430;&#x443;&#x43B;&#x435;&#x440;&#x44B;</subfield>
    <subfield code="2">psbo</subfield>
  </datafield>
  <datafield tag="702" ind1=" " ind2="1">
    <subfield code="a">&#x415;&#x433;&#x43E;&#x440;&#x43E;&#x432;</subfield>
    <subfield code="b">&#x41F;.&#x41A;.</subfield>
    <subfield code="4">220</subfield>
  </datafield>
  <datafield tag="702" ind1=" " ind2="1">
    <subfield code="a">&#x41A;&#x443;&#x437;&#x44C;&#x43C;&#x438;&#x43D;</subfield>
    <subfield code="b">&#x420;.&#x412;.</subfield>
    <subfield code="g">&#x420;&#x438;&#x447;&#x430;&#x440;&#x434; &#x412;&#x430;&#x441;&#x438;&#x43B;&#x44C;&#x435;&#x432;&#x438;&#x447;</subfield>
    <subfield code="4">340</subfield>
  </datafield>
  <datafield tag="702" ind1=" " ind2="1">
    <subfield code="a">&#x411;&#x438;&#x431;&#x438;&#x43A;&#x441;&#x430;&#x440;&#x43E;&#x432;</subfield>
    <subfield code="b">&#x410;.&#x41F;.</subfield>
    <subfield code="4">220</subfield>
  </datafield>
  <datafield tag="702" ind1=" " ind2="1">
    <subfield code="a">&#x410;&#x43D;&#x446;&#x435;&#x432;&#x438;&#x447;</subfield>
    <subfield code="b">&#x410;.&#x412;.</subfield>
    <subfield code="4">220</subfield>
  </datafield>
  <datafield tag="712" ind1="0" ind2="2">
    <subfield code="a">"&#x413;&#x438;&#x43F;&#x440;&#x43E;&#x440;&#x44B;&#x431;&#x444;&#x43B;&#x43E;&#x442;", &#x438;&#x43D;&#x441;&#x442;&#x438;&#x442;&#x443;&#x442;</subfield>
    <subfield code="c">&#x41B;&#x435;&#x43D;&#x438;&#x43D;&#x433;&#x440;&#x430;&#x434;</subfield>
    <subfield code="3">RU\NLR\AUTH\889941163</subfield>
    <subfield code="9">377180</subfield>
  </datafield>
  <datafield tag="801" ind1=" " ind2="1">
    <subfield code="a">RU</subfield>
    <subfield code="b">ELAR</subfield>
    <subfield code="2">rusmarc</subfield>
  </datafield>
  <datafield tag="801" ind1=" " ind2="0">
    <subfield code="a">RU</subfield>
    <subfield code="b">NLR</subfield>
    <subfield code="g">psbo</subfield>
  </datafield>
  <datafield tag="852" ind1=" " ind2=" ">
    <subfield code="a">NLR</subfield>
    <subfield code="j">78-5/2988</subfield>
  </datafield>
  <datafield tag="899" ind1=" " ind2=" ">
    <subfield code="a">RuMoRGB</subfield>
    <subfield code="j">&#x411; 78-28/25</subfield>
  </datafield>
  <datafield tag="899" ind1=" " ind2=" ">
    <subfield code="a">RuMoRGB</subfield>
    <subfield code="j">&#x411; 78-28/26</subfield>
  </datafield>
  <datafield tag="942" ind1=" " ind2=" ">
    <subfield code="c">BOOK</subfield>
  </datafield>
  <datafield tag="980" ind1=" " ind2=" ">
    <subfield code="a">NB</subfield>
  </datafield>
  <datafield tag="995" ind1=" " ind2=" ">
    <subfield code="5">2013-10-26</subfield>
    <subfield code="b">NLR01</subfield>
    <subfield code="c">NLR01</subfield>
    <subfield code="e">RF91</subfield>
    <subfield code="f">6696321-20</subfield>
    <subfield code="k">78-5/2988</subfield>
    <subfield code="o">0</subfield>
    <subfield code="r">BOOK</subfield>
    <subfield code="s">7852988_</subfield>
  </datafield>
</record>
